[Event "GER-ch U18"]
[Site "Willingen"]
[Date "2024.05.22"]
[Round "5"]
[White "Passin, Connor"]
[Black "Hoffmann, Kay"]
[Result "1-0"]
[WhiteElo "1880"]
[BlackElo "2047"]
[PlyCount "41"]
[EventDate "2024.05.19"]
[EventType "swiss"]
[EventRounds "9"]
[EventCountry "GER"]
[SourceTitle "CBM 220 Extra"]
[Source "ChessBase"]
[SourceDate "2024.07.31"]
[SourceVersion "1"]
[SourceVersionDate "2024.07.31"]
[SourceQuality "1"]

1. e4 e5 2. Nf3 Nf6 3. Bc4 Nxe4 4. Nc3 Nxc3 5. dxc3 c6 6. Nxe5 d5 7. 0-0 Bd6 8. Re1 0-0 9. Bd3 Qf6 10. Qh5 g6 11. Ng4 Qg7 12. Nh6+ Kh8 13. Qf3 f5 14. Bg5 Nd7 15. Qe3 Ne5 16. Bf4 Re8 17. Qg3 Bd7 18. Rxe5 Bxe5 19. Bxe5 Rxe5 20. Qxe5 Re8 21. Nf7+ 1-0